Southville International School and Colleges
Your cart is empty.
  • Cart
  • Lists
    Public lists Eva Luna New books Lux_list list_1
    Your lists Log in to create your own lists
  • Log in to your account
  • Your cookies
  • Search history
Southville International School and Colleges
  • Advanced search
  • Recent comments
  • Most popular
  • Libraries

Log in to your account

Log in with GOOGLE


If you do not have an external account, but do have a local account, you can still log in:

  1. Home
  2. MARC view: 10 inventors who changed the world /
Normal view MARC view ISBD view

10 inventors who changed the world / (Record no. 114724)

[ view plain ]
MARC details
000 -LEADER
fixed length control field 00763nam a2200181 a 4500
005 - DATE AND TIME OF LATEST TRANSACTION
control field 20140414132110.0
008 - FIXED-LENGTH DATA ELEMENTS--GENERAL INFORMATION
fixed length control field 110513s19uu xx 00 eng d
020 ## - INTERNATIONAL STANDARD BOOK NUMBER
International Standard Book Number 9780753462591
050 ## - LIBRARY OF CONGRESS CALL NUMBER
Classification number REF 609.22
Item number G36 2009
100 ## - MAIN ENTRY--PERSONAL NAME
Personal name Gifford, Clive.
245 ## - TITLE STATEMENT
Title 10 inventors who changed the world /
Statement of responsibility, etc by Clive Gifford.
260 ## - PUBLICATION, DISTRIBUTION, ETC. (IMPRINT)
Place of publication, distribution, etc London :
Name of publisher, distributor, etc Kingfisher,
Date of publication, distribution, etc 2009.
300 ## - PHYSICAL DESCRIPTION
Extent 63 p. : col. ill. ; 29 cm.
520 ## - SUMMARY, ETC.
Summary, etc Includes ten riveting, in-depth biographies in a graphic novel format of legendary inventors, including Galileo, Thomas Edison, Ben Franklin and James Watt.
650 ## - SUBJECT ADDED ENTRY--TOPICAL TERM
Topical term or geographic name as entry element Inventors
General subdivision Biography
-- Comic books, strips, etc
-- Juvenile literature.
650 ## - SUBJECT ADDED ENTRY--TOPICAL TERM
Topical term or geographic name as entry element Inventions
General subdivision History
-- Comic books, strips, etc.
-- Juvenile literature.
Holdings
Withdrawn status Lost status Damaged status Use restrictions Home library Current library Shelving location Date acquired Source of acquisition Cost, normal purchase price Total Checkouts Full call number Barcode Date last seen Price effective from Koha item type
        Munich Library Munich Library Reference Section 05/13/2011   495.00   REF 609.22 G36 2009 M6616 04/14/2014 04/14/2014 Books

10 inventors who changed the world /

APA

Gifford C., . (2009). 10 inventors who changed the world. London: Kingfisher.

Chicago

Gifford Clive, . 2009. 10 inventors who changed the world. London: Kingfisher.

Harvard

Gifford C., . (2009). 10 inventors who changed the world. London: Kingfisher.

MLA

Gifford Clive, . 10 inventors who changed the world. London: Kingfisher. 2009.

  • Place hold
  • Print
  • Cite
  • Add to your cart (remove)
  • Save record
    BIBTEX Dublin Core MARCXML MARC (non-Unicode/MARC-8) MARC (Unicode/UTF-8) MARC (Unicode/UTF-8, Standard) MODS (XML) RIS
  • More searches
    Search for this title in:
    Other Libraries (WorldCat) Other Databases (Google Scholar) Online Stores (Bookfinder.com) Open Library (openlibrary.org)

Exporting to Dublin Core...

SOUTHVILLE LIBRARY

Southville International School and Colleges Library

1281 Tropical Ave. Cor. Luxembourg St., BF Homes International, Las Pinas City

Tel. No. 8256374 / 252358 Loc. 117/146

Powered by Koha